00361nam a2200133Ia 4500008004100000041000800041082001900049100002000068245004500088250001400133260003800147300003100185365001100216240624s9999 xx 000 0 und d aeng a330.015195 RAM aRAMANATHAN RAMU aINTRODUCTORY ECONOMETRICS WITH APPLICATI a(5th ed.) c2002aNew DelhibCengage Learning axvi, : 688 : p. : cm. ; 25 cRSb33